UBT Library

Creative destruction : (Record no. 386)

000 -LEADER
fixed length control field 00569nam a22001937a 4500
008 - FIXED-LENGTH DATA ELEMENTS--GENERAL INFORMATION
fixed length control field 131204b xxu||||| |||| 00| 0 eng d
020 ## - INTERNATIONAL STANDARD BOOK NUMBER
International Standard Book Number 0691117837
041 0# - LANGUAGE CODE
Language code of text/sound track or separate title eng
080 ## - UNIVERSAL DECIMAL CLASSIFICATION NUMBER
Universal Decimal Classification number 342
100 1# - Rafti
Rafti Cowen, Tyler ;
245 10 - TITLE STATEMENT
Title Creative destruction :
Statement of responsibility, etc Tyler Cowen.
260 ## -
-- Princeton, N.J. :
-- Princeton University Press,
-- c2002.
300 ## -
-- 179 f. ;
-- 23 cm.
500 ## -
-- References : f. 153 - 171
505 ## -
-- Index : f. 173 - 179
650 #0 -
-- Kultura
650 #0 -
-- Globalizimi
942 ## - ADDED ENTRY ELEMENTS (KOHA)
Source of classification or shelving scheme
Item type Books
Holdings
Withdrawn status Lost status Source of classification or shelving scheme Damaged status Not for loan Collection code Permanent location Current location Shelving location Date acquired Total Checkouts Full call number Barcode Date last seen Koha item type
          Koleksioni i përgjithshem UBT - Prishtine UBT - Prishtine Koleksioni i përgjithshem 12/04/2013   342 COW 001-000521 12/04/2013 Books
UBT Library © 2015-2024. All rights reserved University Education for Business and Technology